[Event "HCL-B289"]
[Site "www.playchess.de"]
[Date "2001.04.13"]
[Round "6"]
[White "Gandalf_9417"]
[Black "damon"]
[WhiteElo "1384"]
[BlackElo "1500"]
[PlyCount "40"]
[Result "0-1"]

1.d4 d5 2.c4 dxc4 3.e4 Nc6 4.Be3 Nf6 5.Nc3 e5 6.d5 
Na5 7.Qa4+ c6 8.Rd1 b5 9.Qc2 cxd5 10.Nxb5 Bd7 
11.Na3 d4 12.Bg5 Bb4+ 13.Ke2 d3+ 14.Rxd3 cxd3+ 
15.Qxd3 h6 16.Bh4 Rb8 17.Nf3 Bxa3 18.Bxf6 Rxb2+ 
19.Nd2 gxf6 20.Qxa3 Bg4+ {mate in next move 
(Qxd2++) Thanks for the game!} 
 0-1

[Event "HCL-B287"]
[Site "www.playchess.de"]
[Date "2001.04.13"]
[Round "14"]
[White "Quester"]
[Black "craigsadler"]
[WhiteElo "1500"]
[BlackElo "815"]
[PlyCount "33"]
[Result "1-0"]

1.e4 {Hello: Good Chess to you.}  c6 {same to 
you!}  2.d4 d5 3.exd5 cxd5 4.Bd3 Nc6 5.Nf3 Bg4 
6.Be3 e6 7.Nbd2 Nf6 8.c3 Bd6 9.Kf1 O-O 10.h3 Bxf3 
11.Qxf3 h6 12.g4 Qb6 13.Nb3 Be7 14.h4 Ne8 15.g5 
hxg5 16.hxg5 g6 17.Qh3 1-0

[Event "ACL-A144"]
[Site "www.playchess.de"]
[Date "2001.04.13"]
[Round "13"]
[White "fossa"]
[Black "Rparkes"]
[WhiteElo "1500"]
[BlackElo "1615"]
[PlyCount "88"]
[Result "0-1"]

1.e3 d5 2.c4 Nf6 3.Nc3 e5 4.Nf3 Nc6 5.Qa4 d4 
6.exd4 exd4 7.Ne2 Bc5 8.Ne5 Bd7 9.Nxd7 Qxd7 10.Qb3 
O-O 11.Nf4 Rfe8+ 12.Be2 Na5 13.Qg3 Nxc4 14.O-O Nd6 
15.d3 Nf5 16.Qf3 b6 17.Bd2 Rad8 18.Rac1 Nd5 
19.Nxd5 Qxd5 20.Bg5 Qxf3 21.Bxf3 f6 22.Bf4 Re7 
23.Rce1 Rxe1 24.Rxe1 Bd6 25.Bxd6 Nxd6 26.Re7 Re8 
27.Rxe8+ Nxe8 28.Bd5+ Kf8 29.f4 Ke7 30.Kf2 Kd6 
31.Bf7 Kd7 32.Bxe8+ Kxe8 33.Kf3 Kd7 34.Ke4 c5 
35.Kd5 a5 36.b3 h5 37.g3 Kc7 38.f5 Kd7 39.a3 Kc7 
40.a4 Kd7 41.h3 Kc7 42.Kc4 Kc6 {Disculpa, pero 
tengo una opción de ganar}  43.h4 b5+ 44.axb5+ 
Kb6 0-1

[Event "HCL-C287"]
[Site "www.playchess.de"]
[Date "2001.04.13"]
[Round "6"]
[White "sander"]
[Black "Fulgore"]
[WhiteElo "1016"]
[BlackElo "1000"]
[PlyCount "67"]
[Result "1-0"]

1.e3 e5 2.d4 f6 3.c4 d6 4.Nf3 Qe7 5.Bd3 Bg4 6.O-O 
Nc6 7.Qb3 O-O-O {How long have you been playing 
chess?}  8.Nc3 {aehm, a few weeks... i know the 
game already for years, but i played *very* seldom 
until now}  Qf7 {It's been 6 mos. for me, i wanted 
to try playing a live person instead of a 
computer. More fun, huh?}  9.Nd5 f5 10.Bd2 {yes, 
playing with computers is *very}  e4 {How are you 
doing today? it is 7:55 a.m. in Denver.}  11.h3 
{here it is actually 16:00 in germany, my holidays 
began right now, i'll visit a fried soon...}  Bxf3 
{Have a good time. What Holiday are you 
celebrating?}  12.gxf3 {easter holidays, but i 
will stay mostly at home.}  Qg6+ {Duh! you must 
excuse me, iti is still early here in the states}  
13.Kh2 exf3 14.Rfg1 Qh5 15.Rac1 Nh6 16.c5 g5 17.e4 
g4 18.Rg3 Bg7 {Isn't it like 1 a.m. in Germany?}  
19.exf5 {ihmo it is about six to eight hours 
earlier here...}  Nxf5 {Where exactly do you live? 
I will be moving to Dallas next week, but 
currently live in Denver.}  20.Re1 Qh4 21.Rxg4 {i 
am living in the north-east, near rostock}  Qxf2+ 
{isn't it almost 1 a.m. there?}  22.Kh1 {it's 
midnight now}  Ng3+ {Thank you for a good game. 
Please take care. E-mail me sometime.}  23.Rxg3 
{aehm, this is no checkmate ;)}  Qxg3 {I know, you 
have given me a great challange. ;-)}  24.Bf5+ {i 
try to, but sadly i am still making stupid 
mistakes (like this one), because i play too 
fast.}  Kb8 {Me too. I tend to rush and not think. 
What do you do (job)?}  25.Rg1 {i am still at 
school (12-grade, have to do 13 years here for my 
abitur)}  Qxh3+ {What is an "abitur"? {this is 
check mate ;-)} Please keep in touch!}  26.Bxh3 
{it's a final exam at school which allows you to 
go to a university}  Bxd4 {My last move was so 
stupid! wgat do you plan to study? forgive me for 
being pompus ;-) you bunred me}  27.cxd6 {i know 
these stupid moves too well --- i am going to 
study maths}  Rxd6 {I work in telecommunications, 
neveer went to college. I wish youthe very best in 
your endeavours!}  28.Rg7 {btw: are you a 
republican?}  Rh6 {Yes I am; i believe in a strong 
military. How about you? Do you like American 
football?}  29.Kh2 {well, i don't think military 
service for every male is needed, imho a waste of 
time. don't know a.f.}  f2 {I agree, but when you 
take money from teh military, it could be a bad 
thing. That is only an opinion}  30.Rxc7 {what i 
really couldn't understand about your new 
president is his lack of interest in saving 
nature}  Bb6 {He doesn't have a clear agenda yet. 
He's being tested now with the Chinese incident, 
inexperienced.}  31.Rd7 {but he wants a minister 
for this, who formerly wanted to abolish 
department of nature(?), doesnt he?}  Rg6 {I'm not 
sure. What university do you plan on attending?}  
32.Bf4+ {we'll see, first i have to finish school 
and army or civil service. going to bed now, see 
you!}  Kc8 {Sleep well! See you later.}  33.Qxb6 
Nb8 34.Qc7+ 1-0

[Event "HCL-B292"]
[Site "www.playchess.de"]
[Date "2001.04.13"]
[Round "6"]
[White "Christopher"]
[Black "PDelaquess"]
[WhiteElo "1165"]
[BlackElo "1330"]
[PlyCount "40"]
[Result "0-1"]

1.e4 e5 {Ahh, a fresh tourney, a fresh start. I 
stunk up my last one.}  2.Nf3 {Good luck.  Let the 
games begin  : )}  Nc6 3.d4 exd4 4.Nxd4 Nf6 5.Nc3 
Bb4 6.Nxc6 bxc6 7.Bd2 O-O 8.Bd3 Bxc3 9.Bxc3 d5 
10.e5 Re8 11.O-O Ng4 12.Re1 Qh4 13.h3 Qxf2+ 14.Kh1 
Qh4 15.Qf3 Nf2+ 16.Kg1 Nxd3 17.cxd3 Be6 18.Bd4 
Qxd4+ 19.Kh2 Qxb2 20.Re2 Qxa1 0-1

[Event "HCL-B292"]
[Site "www.playchess.de"]
[Date "2001.04.13"]
[Round "10"]
[White "PDelaquess"]
[Black "Lycanth"]
[WhiteElo "1330"]
[BlackElo "1211"]
[PlyCount "33"]
[Result "1-0"]

1.e4 e5 2.f4 Qh4+ 3.g3 Qe7 4.Nc3 exf4 5.gxf4 Qh4+ 
6.Ke2 Qxf4 7.d4 Qg4+ 8.Nf3 Nc6 9.Rg1 Nxd4+ 10.Qxd4 
Qe6 11.Nd5 Bd6 12.Qxg7 Qxe4+ 13.Ne3 b6 14.Qxh8 
Ba6+ 15.Kf2 O-O-O 16.Bxa6+ Kb8 
17.Rxg8 1-0

[Event "HCL-C280"]
[Site "www.playchess.de"]
[Date "2001.04.13"]
[Round "1"]
[White "Coney"]
[Black "MEATHEAD"]
[WhiteElo "1167"]
[BlackElo "867"]
[PlyCount "89"]
[Result "1-0"]

1.d4 d5 2.c4 dxc4 3.Nf3 Nf6 4.Nc3 e6 5.e4 Bb4 6.e5 
Bxc3+ 7.bxc3 b5 8.exf6 Qxf6 9.a4 Bd7 10.Ne5 a5 
11.Nxd7 Nxd7 12.axb5 O-O 13.Bxc4 c5 14.bxc6 Nb6 
15.Qb3 Nxc4 16.Qxc4 e5 17.O-O exd4 18.cxd4 Rfe8 
19.d5 Qxa1 20.d6 Qe5 21.d7 Re7 22.Ba3 Kf8 23.Bxe7+ 
Kxe7 24.Qh4+ f6 25.Qxh7 Kf7 26.Rc1 Qd5 27.Qc2 Rd8 
28.c7 Qxd7 29.cxd8Q {%}  Qxd8 30.Qc7+ Qxc7 
31.Rxc7+ Kg6 32.Ra7 Kh6 33.Rxa5 g5 34.g4 Kg6 
35.Kg2 Kf7 36.Kg3 Kg7 37.f4 gxf4+ 38.Kxf4 Kg6 
39.h4 Kh6 40.Kf5 Kg7 41.g5 fxg5 42.hxg5 Kh7 
43.Ra7+ Kg8 44.Kf6 Kf8 45.Ra8+ 1-0

[Event "HCL-C295"]
[Site "www.playchess.de"]
[Date "2001.04.13"]
[Round "9"]
[White "prnils"]
[Black "TRUBLU"]
[WhiteElo "1192"]
[BlackElo "1043"]
[PlyCount "23"]
[Result "1-0"]

1.e4 e5 2.Nf3 Nc6 3.Bb5 f6 4.O-O a6 5.Ba4 b5 6.Bb3 
Nge7 7.d4 exd4 8.Nxd4 g6 9.Nc3 Bb7 10.a4 b4 11.Nd5 
Ne5 12.Nxf6+ 1-0

[Event "HCL-C297"]
[Site "www.playchess.de"]
[Date "2001.04.13"]
[Round "17"]
[White "Lukas"]
[Black "Yurispb"]
[WhiteElo "1038"]
[BlackElo "1510"]
[PlyCount "51"]
[Result "1/2-1/2"]

1.e4 c5 2.Nf3 d6 3.d4 cxd4 4.Nxd4 Nf6 5.Nc3 a6 
6.Bg5 e6 7.f4 Be7 8.Qf3 Qc7 9.O-O-O Nbd7 10.g4 b5 
11.Bxf6 Nxf6 12.g5 Nd7 13.f5 Nc5 14.h4 b4 15.fxe6 
bxc3 16.exf7+ Kf8 17.Qxc3 Qb7 18.Bh3 Bxh3 19.Rxh3 
Nxe4 20.Qc4 d5 21.Ne6+ Kxf7 22.Rxd5 Qb4 23.Qf1+ 
Kg8 24.Rd7 Rc8 25.c3 Nxc3 26.Rxc3 1/2-1/2

[Event "HCL-C303"]
[Site "www.playchess.de"]
[Date "2001.04.13"]
[Round "6"]
[White "McManus"]
[Black "MEATHEAD"]
[WhiteElo "1000"]
[BlackElo "849"]
[PlyCount "56"]
[Result "0-1"]

1.e3 e5 2.d4 f6 3.Na3 Bb4+ 4.c3 Bxa3 5.bxa3 Nc6 
6.d5 Nce7 7.Qh5+ Ng6 8.Qf3 d6 9.Bb5+ Bd7 10.Rb1 
Rb8 11.a4 c6 12.dxc6 bxc6 13.Bd3 Rxb1 14.Bxb1 Qb8 
15.Bf5 Bxf5 16.Qxf5 Ke7 17.Nh3 Nh6 18.Qd3 Rd8 
19.Qa6 Qb1 20.Qxa7+ Rd7 21.Qa6 Qxc1+ 22.Ke2 Qxh1 
23.f4 Qxg2+ 24.Nf2 exf4 25.Ke1 fxe3 26.Qd3 Qxf2+ 
27.Kd1 Ne5 28.Qxh7 Qd2+ 0-1

[Event "HCL-C301"]
[Site "www.playchess.de"]
[Date "2001.04.13"]
[Round "1"]
[White "Gagarin"]
[Black "MEATHEAD"]
[WhiteElo "1315"]
[BlackElo "849"]
[PlyCount "31"]
[Result "1-0"]

1.e4 {hi again.}  e5 2.Nf3 f6 3.Nxe5 g6 4.Nf3 Nc6 
5.d4 Qe7 6.Nc3 a6 7.Bc4 Nh6 8.O-O b5 9.Nd5 Qxe4 
10.Nxf6+ Ke7 11.Nxe4 bxc4 12.d5 Nb4 13.Qd4 Nf7 
14.Qf6+ Ke8 15.Re1 Be7 16.Nd6+ 1-0

[Event "HCL-C308"]
[Site "www.playchess.de"]
[Date "2001.04.13"]
[Round "1"]
[White "MEATHEAD"]
[Black "Lukas"]
[WhiteElo "892"]
[BlackElo "1115"]
[PlyCount "28"]
[Result "0-1"]

1.e4 e5 2.Nf3 Nc6 3.Bc4 Nf6 4.d4 exd4 5.Nxd4 Nxd4 
6.Qxd4 Qe7 7.e5 c5 8.Qf4 d5 9.Bb5+ Bd7 10.Bxd7+ 
Nxd7 11.O-O Nxe5 12.Na3 a6 13.Re1 Nf3+ 14.Kf1 
Qxe1+ 0-1

[Event "ACL-A052"]
[Site "www.playchess.de"]
[Date "2001.04.13"]
[Round "8"]
[White "hun"]
[Black "Schwachspieler"]
[WhiteElo "1605"]
[BlackElo "1689"]
[PlyCount "45"]
[Result "1-0"]

1.e4 e5 2.Nf3 Nc6 3.Nc3 Nf6 4.Bc4 Bc5 5.O-O d6 
6.d3 Bg4 7.Na4 Bxf3 8.Qxf3 Nd4 9.Qd1 b5 10.Nxc5 
bxc4 11.Na4 cxd3 12.Qxd3 Qd7 13.b3 Qc6 14.c3 Ne6 
15.f3 O-O 16.Be3 Rfd8 17.Rad1 d5 18.exd5 Rxd5 
19.Qb1 Rad8 20.Bxa7 R5xd1 21.Rxd1 Rxd1+ 22.Qxd1 
Nd5 23.c4 1-0

[Event "ACL-A052"]
[Site "www.playchess.de"]
[Date "2001.04.13"]
[Round "10"]
[White "peze2"]
[Black "Schwachspieler"]
[WhiteElo "1500"]
[BlackElo "1689"]
[PlyCount "51"]
[Result "1-0"]

1.c4 c5 2.Nf3 Nf6 3.Nc3 d5 4.cxd5 Nxd5 5.d4 Nxc3 
6.bxc3 g6 7.e4 Bg7 8.Rb1 O-O 9.Be2 Qa5 10.O-O Qxa2 
11.Bg5 Qe6 12.Qd3 h6 13.Bf4 cxd4 14.cxd4 Rd8 15.d5 
Qd7 16.Qa3 e5 17.Bxe5 Bxe5 18.Nxe5 Qd6 19.Qxd6 
Rxd6 20.Rfc1 Nd7 21.Nc4 Ra6 22.e5 Ra2 23.Bf3 b6 
24.e6 Nc5 25.e7 Bd7 26.d6 1-0

[Event "HCL-C072"]
[Site "www.playchess.de"]
[Date "2001.04.13"]
[Round "4"]
[White "merlin51"]
[Black "Michael_Schenk"]
[WhiteElo "1000"]
[BlackElo "1000"]
[PlyCount "30"]
[Result "0-1"]

1.e3 e5 2.Bc4 d5 3.Bb3 Nc6 4.Qf3 Nf6 5.c4 Bg4 
6.Qg3 d4 7.exd4 exd4 8.f3 Bd6 9.f4 Qe7+ 10.Qe3 
dxe3 11.h3 exd2+ 12.Kxd2 Bxf4+ 13.Kc2 Qe4+ 14.Kc3 
Be5+ 15.Kd2 O-O-O+ 0-1

[Event "HCL-A061"]
[Site "www.playchess.de"]
[Date "2001.04.14"]
[Round "17"]
[White "Brrrr"]
[Black "klypp"]
[WhiteElo "1796"]
[BlackElo "2112"]
[PlyCount "105"]
[Result "1-0"]

1.d4 Nf6 2.c4 e6 3.Nc3 Bb4 4.Qc2 O-O 5.a3 Bxc3+ 
6.Qxc3 b6 7.Nf3 Bb7 8.e3 d6 9.Be2 {Happy New Year! 
:-)}  Nbd7 10.O-O Ne4 11.Qc2 f5 12.b4 Qf6 13.Bb2 
Qh6 14.Rad1 Ndf6 15.Nd2 Rae8 16.Nxe4 Bxe4 17.Qd2 
Qg6 18.f3 Bb7 19.Bd3 a6 20.Bc2 Re7 21.Qd3 Rd7 
22.Rf2 Ba8 23.a4 Rdf7 24.Qa3 Bb7 25.a5 Qg5 26.axb6 
cxb6 27.c5 dxc5 28.bxc5 bxc5 29.dxc5 Rc7 30.Rd6 
Bc8 31.Be5 Rcf7 32.Bf4 Qh4 33.Bb3 Re8 34.c6 Kh8 
35.Qa4 Ra7 36.Qd4 Rc7 37.Be5 Qxd4 38.exd4 Kg8 
39.Rc2 Ra7 40.c7 {!}  Kf7 41.Rd8 Nd5 42.Rc6 Rb7 
43.Bxd5 exd5 44.h3 a5 45.Bxg7 a4 46.Be5 a3 47.Rf6+ 
Ke7 48.Rh6 a2 49.Rxh7+ Kf8 50.Bd6+ Kg8 51.Re7 Rf8 
52.Rxf8+ Kxf8 53.Re2+ 1-0

[Event "HCL-B146"]
[Site "www.playchess.de"]
[Date "2001.04.14"]
[Round "3"]
[White "Klasseman"]
[Black "OObuc"]
[WhiteElo "1500"]
[BlackElo "1181"]
[PlyCount "51"]
[Result "1-0"]

1.f4 e6 2.b3 b6 3.Nf3 g6 4.Bb2 Bb7 5.Bxh8 f6 6.e3 
f5 7.Be2 Bc5 8.Bd4 Bxd4 9.exd4 Bxf3 10.Bxf3 Qh4+ 
11.g3 Qh3 12.Bxa8 Na6 {makes you wonder why i even 
play huh! LOL!}  13.Bf3 Nf6 {no sense of humor my 
friend!}  14.Qe2 Nb4 {i got your message! it 
happens to me too! no big deal my friend!}  15.Na3 
Nbd5 {Do you play at other sites! I'm always 
looking for more!}  16.c4 Nxf4 {i don't like speed 
chess it is fun in a way! when i play sites like 
that my game is over before i kn}  17.gxf4 {Ok. I 
think you would improve if you did a last check 
before moving ("am i losing somthing?")}  Kf7 {you 
are right and i do but it doesn't usually help! i 
just love to play and don't take it serious li}  
18.O-O-O {Sorry for the delay, i have been abroad 
a couple of days.}  d5 19.Qg2 Qh6 20.cxd5 Qxf4 
21.d6 cxd6 22.Qg3 Qxd4 23.Nc2 Qc5 24.Kb1 e5 25.d4 
f4 26.dxc5 1-0

[Event "HCL-B146"]
[Site "www.playchess.de"]
[Date "2001.04.14"]
[Round "4"]
[White "abed"]
[Black "rikkirich"]
[WhiteElo "1805"]
[BlackElo "1401"]
[PlyCount "55"]
[Result "1-0"]

1.e4 e6 2.d4 d5 3.Nc3 Nf6 4.Bg5 dxe4 5.Nxe4 Be7 
6.Nxf6+ Bxf6 7.Be3 Nc6 8.Bb5 Bd7 9.Nf3 a6 10.Ba4 
b5 11.Bb3 Na5 12.c3 Nxb3 13.Qxb3 Bc6 14.Qd1 O-O 
15.O-O Bb7 16.Ne1 Bg5 17.f4 Bh6 18.Qd2 Qd5 19.Nf3 
Qe4 20.Qf2 Qf5 21.Ne5 g6 22.Qg3 Bg7 23.Rac1 f6 
24.Nd7 Rfd8 25.Nc5 Bd5 26.b3 c6 27.c4 Be4 
28.Nb7 1-0

[Event "HCL-B146"]
[Site "www.playchess.de"]
[Date "2001.04.14"]
[Round "5"]
[White "rikkirich"]
[Black "Klasseman"]
[WhiteElo "1401"]
[BlackElo "1500"]
[PlyCount "46"]
[Result "0-1"]

1.e4 c6 2.Bc4 d5 3.exd5 cxd5 4.Bb3 e5 5.d3 Nf6 
6.Nc3 Be6 7.h3 a6 8.Bg5 Be7 9.Nf3 Nc6 10.O-O Qd7 
11.Re1 d4 12.Bxf6 Bxf6 13.Bxe6 fxe6 14.Ne4 Qd5 
15.Nfd2 O-O 16.Qh5 g6 17.Nxf6+ Rxf6 18.Qd1 Raf8 
19.Ne4 R6f5 20.Ng3 R5xf2 21.Ne4 R2f5 22.Qe2 Ne7 
23.c4 dxc3 {Sorry for the delay, i have been 
abroad a couple of days.}  0-1

[Event "HCL-E016"]
[Site "www.playchess.de"]
[Date "2001.04.14"]
[Round "12"]
[White "seedythayer"]
[Black "Dimentiy"]
[WhiteElo "2238"]
[BlackElo "2000"]
[PlyCount "57"]
[Result "1-0"]

1.e4 c5 2.Nf3 d6 3.d4 cxd4 4.Nxd4 Nf6 5.Nc3 a6 
6.f3 e5 7.Nb3 Be6 8.Be3 Nbd7 9.Qd2 b5 10.a4 b4 
11.Nd5 Bxd5 12.exd5 Nb6 13.Qxb4 Nbxd5 14.Qd2 Nxe3 
15.Qxe3 Qc7 16.O-O-O Be7 17.a5 O-O 18.Kb1 d5 19.g4 
{Hi. Interesting game. :-)}  d4 {hi! of course. 
Where are you live in USA?}  20.Qf2 {Hi.  
Freehold, New Jersey next to New York City. East 
coast.}  Nd5 {I living in Riga. How long you play 
chess?}  21.Bd3 {I've been playing chess for 37 
years. Since I was 12.}  Ne3 {I've been playing 
chess for 11 years. Since 14.}  22.Rdg1 Rfc8 23.g5 
Bb4 24.h4 Bxa5 25.h5 Bb6 26.g6 h6 27.gxf7+ Qxf7 
28.Rg6 Bd8 29.Qg3 1-0

[Event "HCL-M003"]
[Site "www.playchess.de"]
[Date "2001.04.14"]
[Round "2"]
[White "Lindam"]
[Black "fbiancal"]
[WhiteElo "2200"]
[BlackElo "2200"]
[PlyCount "104"]
[Result "1/2-1/2"]

1.d4 Nf6 2.Bg5 e6 3.e4 h6 4.Bxf6 Qxf6 5.Nc3 d6 
6.Qd2 g5 7.O-O-O Bg7 8.g3 Nc6 9.Bb5 Bd7 10.Nge2 a6 
11.Bxc6 Bxc6 12.f4 O-O-O 13.Rhf1 Qg6 14.g4 Bxe4 
15.Ng3 d5 16.Ncxe4 dxe4 17.f5 exf5 18.Nxf5 Rhe8 
19.Qg2 Bh8 20.Rfe1 Kb8 21.Re3 Qe6 22.Kb1 Rd5 
23.Qe2 h5 24.h3 hxg4 25.hxg4 Ra5 26.Rb3 Rd8 27.c3 
Ka8 28.Re1 Re8 29.c4 Rxf5 30.gxf5 Qxf5 31.Re3 Bxd4 
32.Rxe4 Rxe4 33.Qxe4 Qf2 34.Qe2 g4 35.Qxf2 Bxf2 
36.Re8+ Ka7 37.Rg8 g3 38.Kc2 f5 39.Kd3 b5 40.cxb5 
axb5 41.Ke2 f4 42.Kf3 Be3 43.Rg6 Kb7 44.Re6 Bc5 
45.Rg6 Bd6 46.Ke4 b4 47.Rg5 Kb6 48.b3 Kb7 49.Rg6 
Ka6 50.Rg5 Kb6 51.Rg8 c6 52.Rg7 
Bb8 1/2-1/2

[Event "ACL-A065"]
[Site "www.playchess.de"]
[Date "2001.04.14"]
[Round "32"]
[White "Dimentiy"]
[Black "Pupser"]
[WhiteElo "1500"]
[BlackElo "1500"]
[PlyCount "72"]
[Result "0-1"]

1.e4 e6 2.d4 d5 3.Nd2 Nf6 4.e5 Nfd7 5.Bd3 c5 6.c3 
Nc6 7.Ne2 a6 8.Nf3 b5 9.O-O Be7 10.Nf4 Bb7 11.Be3 
Rc8 12.a3 Nb6 13.dxc5 Na4 14.Qc2 Qc7 15.Nh5 Bf8 
16.Bd4 Nxc5 17.Bxc5 Bxc5 18.Rfe1 g6 19.Nf6+ Kf8 
20.Qd2 h6 21.Qf4 g5 22.Qg4 Be7 23.h4 Nxe5 24.Nxe5 
Bxf6 25.Qd4 Kg7 26.h5 Rhd8 27.Rad1 Qc5 28.Qxc5 
Rxc5 29.Bb1 Bxe5 30.Rxe5 a5 31.Kf1 Kf6 32.Re3 a4 
33.Ke2 e5 34.f3 Bc8 35.Be4 Be6 36.g4 
Rcc8 0-1

[Event "ACL-A070"]
[Site "www.playchess.de"]
[Date "2001.04.14"]
[Round "12"]
[White "cabe"]
[Black "dom"]
[WhiteElo "1500"]
[BlackElo "1500"]
[PlyCount "77"]
[Result "1-0"]

1.d4 d5 2.c4 e6 3.Nc3 Nf6 4.Bg5 Be7 5.e3 O-O 6.Nf3 
Ne4 7.Nxe4 dxe4 8.Bxe7 Qxe7 9.Nd2 f5 10.Be2 c6 
11.O-O Nd7 12.f3 exf3 13.Bxf3 Nf6 14.Qb3 g5 
15.Rad1 g4 16.Be2 h5 17.Bd3 h4 18.Qc3 Nh5 19.Nb3 
h3 20.Rd2 Qh4 21.gxh3 Qxh3 22.Re2 Kh7 23.e4 Kg6 
24.exf5+ exf5 25.Nc5 Ng3 26.Re3 Rh8 27.Rf2 Kg5 
28.Rxg3 Qh4 29.Qc1+ Kg6 30.Qf4 Re8 31.Rxg4+ Qxg4+ 
32.Qxg4+ Kf7 33.Bxf5 Re1+ 34.Rf1 Rxf1+ 35.Kxf1 
Bxf5 36.Qxf5+ Kg8 37.h4 Rf8 38.Qf2 Rxf2+ 
39.Kxf2 1-0

[Event "HCL-B148"]
[Site "www.playchess.de"]
[Date "2001.04.14"]
[Round "5"]
[White "msmsk"]
[Black "BuckNaked"]
[WhiteElo "1566"]
[BlackElo "1422"]
[PlyCount "42"]
[Result "0-1"]

1.b4 e5 2.Bb2 f6 3.e4 Bxb4 4.Bc4 Ne7 5.f4 d5 
6.exd5 exf4 7.Qf3 Kf8 8.Ne2 Qd6 9.Nxf4 Qxf4 
10.Qxf4 Bd6 11.Qf3 Bf5 12.g4 Bxc2 13.Bxf6 Nd7 
14.Bxe7+ Kxe7 15.Qc3 Be5 16.d4 Bf6 17.Qxc2 {?}  
Bxd4 18.Nc3 Kd8 19.O-O-O Be5 20.Rhf1 Nf6 21.Nb5 
a6 0-1

[Event "HCL-A071"]
[Site "www.playchess.de"]
[Date "2001.04.14"]
[Round "2"]
[White "BerndS"]
[Black "Brent"]
[WhiteElo "1736"]
[BlackElo "1158"]
[PlyCount "47"]
[Result "1-0"]

1.d4 Nf6 2.c4 e6 3.g3 c5 4.Nf3 b6 5.Bg2 Bb7 6.O-O 
cxd4 7.Qxd4 Bc5 8.Qf4 O-O 9.Nc3 Na6 10.b3 Qc7 
11.Nb5 Qxf4 12.Bxf4 Nh5 13.Bd6 Rfd8 14.Rfd1 Bc6 
15.a3 Bxb5 16.cxb5 Bxd6 17.Rxd6 Nc5 18.Rad1 Nxb3 
19.Nd2 Nxd2 20.Bxa8 Rxa8 21.Rxd7 Nf6 22.R7xd2 g6 
23.R2d8+ Rxd8 24.Rxd8+ 1-0

[Event "HCL-B160"]
[Site "www.playchess.de"]
[Date "2001.04.14"]
[Round "10"]
[White "jonte2"]
[Black "shepherd"]
[WhiteElo "1581"]
[BlackElo "1420"]
[PlyCount "160"]
[Result "0-1"]

1.e4 c5 2.Nf3 Nc6 3.d4 cxd4 4.Nxd4 Nxd4 5.Qxd4 d6 
6.Bb5+ Bd7 7.Bxd7+ Qxd7 8.Be3 e5 9.Qd3 Nf6 10.Nd2 
Be7 11.Nc4 O-O 12.f3 b5 13.Na5 d5 14.exd5 Qxd5 
15.O-O-O Qxa2 16.Nc6 Bd8 17.Qxb5 a6 18.Qxe5 Re8 
19.Qd4 Ba5 20.c3 Rac8 21.Nxa5 Qxa5 22.Rhe1 Red8 
23.Qb6 Qa1+ 24.Kc2 Qa4+ 25.Qb3 Qh4 26.Rxd8+ Rxd8 
27.Rd1 Re8 28.Qb6 Qxh2 29.Rd2 Qe5 30.Rd8 Nd5 
31.Rxd5 Qxd5 32.Qxa6 Rd8 33.Bd4 Qf5+ 34.Qd3 Qa5 
35.Qe4 Rb8 36.Be5 Re8 37.f4 f6 38.Qc4+ Kh8 39.Qc6 
Qd8 40.Bd4 Re2+ 41.Kd3 Rxb2 42.g4 h6 43.c4 Rb3+ 
44.Ke4 Qe7+ 45.Kd5 Rb7 46.Bc5 Rd7+ 47.Bd6 Qf7+ 
48.Kc5 Qe6 49.f5 Qe3+ 50.Kb5 Rd8 51.Bc7 Qb3+ 
52.Kc5 Qa3+ 53.Kb5 Ra8 54.Qe6 Qf3 55.Qd5 Qb3+ 
56.Kc6 Qa2 57.Kc5 Rc8 58.Kb6 Re8 59.Bd6 Re1 60.Kb5 
Qb3+ 61.Kc6 Rb1 62.Kd7 Rd1 63.Qa8+ Kh7 64.Qe4 Qb6 
65.Qe6 Qd4 66.Kc6 Qxg4 67.c5 Rf1 68.Kd7 Qxf5 
69.Qxf5+ Rxf5 70.c6 Ra5 71.c7 Ra8 72.c8Q {%}  Rxc8 
73.Kxc8 Kg6 74.Bg3 Kf5 75.Kc7 g5 76.Bd6 Ke4 77.Kc6 
f5 78.Kc7 h5 79.Be7 g4 80.Bf6 f4 0-1